Norma Chilena Oficial NCh 2458 Of1999

Wedi'i Gadw mewn:
Manylion Llyfryddiaeth
Awduron Corfforaethol: Instituto Nacional de Normalización (Awdur), INN (Awdur)
Fformat: Llyfr
Iaith:Sbaeneg
Cyhoeddwyd: Santiago Instituto Nacional de Normalización 1999
Rhifyn:1a. ed
Pynciau:
Tagiau: Ychwanegu Tag
Dim Tagiau, Byddwch y cyntaf i dagio'r cofnod hwn!

MARC

LEADER 00000nam a2200000 a 4500
001 UCK5789
003 CL-VaPUC
008 050826e19990000CL |||||||||||||||||spa|d
082 0 4 |a 690.22  |b INS  |2 21 
110 2 |a Instituto Nacional de Normalización  |e author  |9 494735 
710 2 |a INN  |e author  |9 494736 
245 1 0 |a Norma Chilena Oficial NCh 2458 Of1999 
246 1 0 |a Construcción - Seguridad - Sistema de protección para trabajos en altura - Requisitos generales 
250 |a 1a. ed 
300 |a 8 p 
942 |c BK 
945 |d 20050826 00:00:00  |a cmena 
260 |a Santiago  |b Instituto Nacional de Normalización  |c 1999 
650 0 |a Construcción  |9 260195 
650 0 |a Edificios   |9 260501 
650 0 |a Medidas de seguridad  |9 264085 
650 0 |a Prevención de riesgos   |9 387495 
650 0 |a Normalización  |9 262666 
583 |a last modification  |c 20050826 00:00:00  |k Rodrigo Vera 
999 |c 314252  |d 314250